banner-ar

كتاب فاكهة الخلفاء ومفاكهة الظرفاء / (Record no. 31378)

MARC details
000 -الفاتح
حقل البيانات ثابتة الطول 00872nam a2200217Ia 4500
008 - عناصر البيانات ثابتة الطول - معلومات عامة
حقل البيانات ثابتة الطول 140319s9999 xx 000 0 ara d
040 ## - مصدر الفهرسة
وكالة الفهرسة الأصلية GCL /
وكالة النسخ GCL
082 04 - رقم تصنيف ديوى العشرى
رقم التصنيف 817.008
رقم المادة ا ك
100 1# - المدخل الرئيسى - إسم شخصى
الإسم الشخصى ابن عربشاة : شهاب الدين ابو العباس احمد بن محمد بن عبدالله بن ابراهيم الدمشقى
245 10 - بيان العنوان
العنوان كتاب فاكهة الخلفاء ومفاكهة الظرفاء /
بيان المسئوليه,etc ابن عربشاة : شهاب الدين ابو العباس احمد بن محمد بن عبدالله بن ابراهيم الدمشقى
300 ## - الوصف المادى
التعداد 521 رص
490 ## - بيان السلسلة
عنوان السلسلة
650 04 - المدخل الاضافى بالموضوع-مصطلح موضوعى
مصطلح موضوعي الشعر العربى
650 04 - المدخل الاضافى بالموضوع-مصطلح موضوعى
مصطلح موضوعي الادب العربى
650 04 - المدخل الاضافى بالموضوع-مصطلح موضوعى
مصطلح موضوعي النثر العربى
650 04 - المدخل الاضافى بالموضوع-مصطلح موضوعى
مصطلح موضوعي النوادرالعربية
650 04 - المدخل الاضافى بالموضوع-مصطلح موضوعى
مصطلح موضوعي المجموعات
942 ## - عناصر المدخل الإضافي( كوها)
مصدر التصنيف او مخطط الترفيف Dewey Decimal Classification
Koha [default] item type كتاب
260 ## - PUBLICATION, DISTRIBUTION, ETC. (IMPRINT)
-- [S.N] :
-- دار صادر
Holdings
حالة التراجع حالة الفقد حالة تلف ليس للاعارة المكان المؤقت الموقع الحالى تاريخ الاكتساب اجمالي اﻻعارات رقم الطلب الباركود تاريخ اخر مشاهدة تاريخ تفعيل السعر نوع وعاء كوها
        مكتبة القاهرة الكبرى مكتبة القاهرة الكبرى 03/26/2014   817.008\ا ك 73361 03/26/2014 03/26/2014 كتاب
        مكتبة القاهرة الكبرى مكتبة القاهرة الكبرى 03/26/2014   817.008\ا ك 73362 03/26/2014 03/26/2014 كتاب

Powered By

EGPV